000 01390 a2200253 4500
001 37878
005 20260407155645.0
008 260407a1991 arg spa d
003 AR-UNSa-BCEJYS
040 _aAR-UNSa-BCEJYS
_bspa
_cAR-UNSa-BCEJYS
080 _a658.012.2
_xPlanificación. Programas. Planes. Medidas de apoyo a la planificación( Administración estratégica...)
245 1 0 _aTercera generación de I+D
_psu integración en la estrategia de negocio
020 _a84-7615-782-7
264 1 _aMadrid :
_bMcGraw-Hill
_c1991
300 _a188 p.
_c24 cm.
505 _a1. La integración en la estrategia de negocio - 2. ¿ Que son: Tecnología, investigación, desarrollo? - 3. Una introducción a la gestión eficaz de I+D - 4. Alta dirección e I+D, anexo: tecnología, madurez e impacto competitivo - 5. Evaluación de riesgos y beneficios, anexo: Posición tecnológica competitiva - 6. La cartera de I+D - 7. Enfocar la organización de I+D hacia resultados - 8. Más allá de la gestión del proyecto - 9. Cómo obtener el máximo rendimiento del personal: Ruptura del aislamiento de I+D - 10. La empresa de tercera generación
942 _cBK
590 _aniveau_biblio:m niveau_hierar:0
100 1 _aRoussel, Philip A.
700 1 _aSaad, Kamal N.
700 1 _aOrtiz Chaparro, Francisco
700 1 _aErickson, Tamara J.
700 1 _aSöntgerath, Veronika
999 _c2826
_d2826